000 nam a22 7a 4500
999 _c233625
_d233625
003 Nust
005 20170309121014.0
008 170309b xxu||||| |||| 00| 0 eng d
040 _cDLC
082 _a388.320683 SIN
100 _aSingh,Santokh
245 _aDistracted Driving and Driver Roadway and Environmental Factors
942 _2ddc
_cBK